Centroamérica, desarrollo desigual y conflicto social, 1870-1930
Shranjeno v:
| Glavni avtor: | |
|---|---|
| Format: | Knjiga |
| Jezik: | Spanish |
| Izdano: |
San José, Costa Rica
Editorial de la Universidad de Costa Rica
2013
|
| Izdaja: | 1. edición |
| Serija: | Serie Cuadernos de Historia de la Cultura
13 |
| Teme: | |
| Oznake: |
Označite
Brez oznak, prvi označite!
|
MARC
| LEADER | 00000nam a22000007a 4500 | ||
|---|---|---|---|
| 008 | 131129s2008 C ||||g |||| 00| 0 spa d | ||
| 020 | |a 9789977678948 | ||
| 100 | 1 | |a Fumero Vargas, Ana Patricia |d 1958- | |
| 245 | 1 | |a Centroamérica, desarrollo desigual y conflicto social, 1870-1930 |c Patricia Fumero Vargas | |
| 250 | |a 1. edición | ||
| 260 | |a San José, Costa Rica |b Editorial de la Universidad de Costa Rica |c 2013 | ||
| 300 | |a 36 páginas | ||
| 490 | 0 | |a Serie Cuadernos de Historia de la Cultura |v 13 | |
| 650 | 1 | 7 | |a AMERICA CENTRAL |x CONDICIONES ECONOMICAS |x CONDICIONES SOCIALES |x POLITICA Y GOBIERNO |
| 650 | 1 | 7 | |a REFORMISMO |
| 650 | 1 | 7 | |a LIBERALISMO |
| 942 | |2 ddc |c BK | ||
| 999 | |c 2633 |d 2633 | ||



